000 nam a22 a 4500
999 _c4511
_d4511
003 AKMAL
005 20170531080121.0
008 170531s1994 my l 00 may d
020 _a9678905906 (kkt.):
_cRM 12.50
040 _cAKMAL
082 0 4 _a342 LEM
090 _a342
_bLEM
110 1 _aMalaysia
_9400
240 1 _aAkta Keterangan, 1950
245 1 _aAkta Keterangan, 1950 (Akta 56) :
_b(Mengandungi semua pindaan hingga 10hb Januari 1994) /
_cdisusun oleh Lembaga Penyelidikan Undang-Undang
260 _aKuala Lumpur :
_bInternational Law Book Services,
_c1994
300 _aix, 96ms. ;
_c24cm
440 0 _aUNDANG-UNDANG MALAYSIA
_98730
650 _aEvidence (Law)
_zMalaysia
_98308
650 _aConfession (Law)
_zMalaysia
_98728
942 _2ddc
_cBOOK